000 00774nam a22002057a 4500
999 _c13825
_d13825
003 AR-CdUCM
008 190327b ||||| |||| 00| 0 spa d
040 _aMUNICIPALIDAD PROVINCIAL DEL CUSCO
_cBIBLIOTECA MUNICIPAL DEL CUSCO
082 _a403 /
_bN89 / 1954
110 _aCodex
_924835
245 _aNuevo diccionario enciclopédico Codex :
_bpoligloto /
260 _aBuenos Aires :
_bCODEX,
_c1954.
300 _a1244 páginas ;
_bilustraciones ;
_c20 cm.
505 _aContenido : Gramática alemana -- Historia de la literatura alemana -- Diccionario alemán -- Gramática inglesa -- Historia de la literatura inglesa ...
650 _aHistoria
_9136
650 _aIdiomas
_924850
650 _aDiccionario
_95196
942 _2ddc
_cLIBROS
945 _aacv
_d2019-04-16